000
00199nam a2200085Ia 4500
008
120527s9999 xx 000 0 und d
100
_a
Andesirk, et al
245
_a
Biology : Life on earth
942
_c
BK
999
_c
27292
_d
27292